Colleges and Universities in the State of South Carolina - Statistics

General Stats
  • This quiz has been taken 35 times
  • The average score is 13 of 28
Answer Stats
Location Institution % Correct
Clemson Clemson University
90%
Conway Coastal Carolina University
76%
Orangeburg South Carolina State University
76%
Anderson Anderson University
72%
Aiken University of South Carolina, Aiken
72%
Charleston College of Charleston
62%
Newberry Newberry College
62%
Charleston The Citadel, The Military College of South Carolina
59%
Spartanburg University of South Carolina, Upstate
59%
Rock Hill Winthrop University
59%
Columbia University of South Carolina, Columbia
55%
Spartanburg Wofford College
55%
North Charleston Charleston Southern University
52%
Columbia Columbia College
52%
Greenville Furman University
52%
Florence Francis Marion University
45%
Greenwood Lander University
41%
Tigerville North Greenville University
41%
Clinton Presbyterian College
34%
Orangeburg Claflin University
28%
Hartsville Coker University
24%
Columbia Benedict College
17%
Greenville Bob Jones University
17%
Due West Erskine College
17%
Gaffney Limestone University
17%
Spartanburg Spartanburg Methodist College
17%
Central Southern Wesleyan University
14%
Spartanburg Converse University
10%
No matching quizzes found
Score Distribution
Percent of People with Each Score
Percentile by Number Answered
Your Score History
You have not taken this quiz